Musical Artists Known by One Name - Statistics

General Stats
  • This quiz has been taken 127,602 times
    36,594 since last reset
  • The average score is 13 of 20
Answer Stats
Song(s) Artist % Correct
The Real Slim Shady | Rap God Eminem
95%
Umbrella | We Found Love Rihanna
92%
Hips Don't Lie | Chantaje Shakira
90%
Hello | Easy on Me Adele
88%
Like a Virgin | Vogue Madonna
87%
Hotline Bling | God's Plan Drake
81%
Purple Rain | Raspberry Beret Prince
80%
Cheap Thrills | Titanium Sia
76%
Royals Lorde
70%
If I Were a Boy | Irreplaceable Beyoncé
65%
So What | Just Give Me a Reason P!nk
60%
Yeah! | My Boo Usher
56%
If I Could Turn Back Time | Believe Cher
54%
Dusk Till Dawn | Pillowtalk Zayn
48%
Kiss from a Rose Seal
47%
It Wasn't Me | Angel Shaggy
45%
Truth Hurts | Juice Lizzo
40%
London Bridge | Big Girls Don't Cry Fergie
39%
Young Dumb & Broke | Better Khalid
33%
Loser | Devil's Haircut Beck
26%
No matching quizzes found
Score Distribution
Percent of People with Each Score
Percentile by Number Answered
Your Score History
You have not taken this quiz since the last reset